000 01099nam a2200301 i 4500
003 EG-GICUC
005 20260221110435.0
008 260117s1986 ua |||fr|||| 00| 0 d
040 _a EG-GICUC
_bara
_c EG-GICUC
_d EG-GICUC
_erda
041 0 _aAra
082 0 4 _221
_a343.7
_bم ح . م
092 0 4 _221
099 _aLaw1 10 343.7 م ح . م 1986
100 0 _aمحمد هشام أبو الفتوح
_eمؤلف.
245 1 2 _aالمدخل لعلمى الإجرام والعقاب.
_nالجزء الثانى،
_pعلم العقاب /
_cتأليف دكتور محمد هشام أبو الفتوح.
264 1 _aالقاهرة :
_bعالم الكتب،
_c1986.
300 _a148 صفحة؛
_c24 سم.
336 _2rda content
_atext
337 _2rda media
_aComputer
338 _2rda carrier
_aOnline Resource
546 _aالنص باللغة العربية
650 1 _aعلم العقاب
_2qrmak
650 1 _aالقانون الجنائى
_2qrmak
651 1 _2qrmak
856 4 0 _uhttps://fll.law.cu.edu.eg/fulltext/bks/B10-07921.pdf
905 _a54
942 _2ddc
_cBK
_e21
_n0
999 _c57334
_d57334